[Event "Titled Tuesday intern op 16th Apr Early"]
[Site "Chess.com INT"]
[Date "2024.04.16"]
[Round "8"]
[White "Adireddy, Arjun"]
[Black "Devaev, Alexander"]
[Result "1-0"]
[WhiteElo "2300"]
[BlackElo "2325"]
[PlyCount "65"]
[EventDate "2024.04.16"]
[EventType "swiss (blitz)"]
[EventRounds "11"]
[EventCountry "USA"]
[SourceTitle "CB17_2024"]
[SourceDate "2024.04.24"]
[SourceVersion "1"]
[SourceVersionDate "2024.04.24"]
[SourceQuality "1"]

1. e4 c6 2. d4 d5 3. Nc3 dxe4 4. Nxe4 Bf5 5. Ng3 Bg6 6. Nf3 Nd7 7. h4 h6 8. Bd3 Bxd3 9. Qxd3 Qc7 10. Bd2 e6 11. 0-0-0 Ngf6 12. Rhe1 0-0-0 13. Ne4 Nxe4 14. Qxe4 Nf6 15. Qe2 Bd6 16. Kb1 Rhe8 17. c4 c5 18. Bc3 cxd4 19. Bxd4 Bc5 20. Be5 Qb6 21. Rxd8+ Rxd8 22. Rf1 Qc6 23. Bxf6 gxf6 24. b3 a6 25. g4 Qb6 26. g5 hxg5 27. hxg5 fxg5 28. Nxg5 Rd7 29. Ne4 Bd4 30. c5 Qb4 31. Rc1 Rc7 32. Rc4 Qb5 33. Nd6+ 1-0

[Event "Titled Tuesday intern op 16th Apr Early"]
[Site "Chess.com INT"]
[Date "2024.04.16"]
[Round "3"]
[White "Devaev, Alexander"]
[Black "Maltsevskaya, Aleksandra"]
[Result "0-1"]
[WhiteElo "2325"]
[BlackElo "2393"]
[PlyCount "86"]
[EventDate "2024.04.16"]
[EventType "swiss (blitz)"]
[EventRounds "11"]
[EventCountry "USA"]
[SourceTitle "CB17_2024"]
[SourceDate "2024.04.24"]
[SourceVersion "1"]
[SourceVersionDate "2024.04.24"]
[SourceQuality "1"]

1. d4 Nf6 2. c4 g6 3. Nc3 Bg7 4. e4 d6 5. Nf3 0-0 6. h3 Nc6 7. Bg5 h6 8. Be3 e5 9. d5 Ne7 10. g4 Ne8 11. Rg1 Kh7 12. Bd3 c6 13. Qc2 a6 14. a3 b5 15. dxc6 Nxc6 16. cxb5 axb5 17. Bxb5 Nd4 18. Qd1 Nxb5 19. Nxb5 Bb7 20. Nc3 Nf6 21. g5 Nxe4 22. Nxe4 Bxe4 23. gxh6 Bxf3 24. Qxf3 Bxh6 25. h4 Qa5+ 26. Kf1 Qb5+ 27. Qe2 Qc6 28. h5 Bxe3 29. hxg6+ fxg6 30. Qxe3 Rab8 31. Rc1 Qa6+ 32. Kg2 Qb7+ 33. Kg3 Kg7 34. Rh1 Rf4 35. Qc3 Qe4 36. Qc7+ Kf6 37. Qxd6+ Kg5 38. Qe7+ Rf6 39. Rc3 Qf4+ 40. Kg2 Qxf2+ 41. Kh3 Qh4+ 42. Kg2 Rxb2+ 43. Kg1 Qf2# 0-1

[Event "Titled Tuesday intern op 16th Apr Early"]
[Site "Chess.com INT"]
[Date "2024.04.16"]
[Round "2"]
[White "Devaev, Alexander"]
[Black "Nusrat Jahan, Alo"]
[Result "1-0"]
[WhiteElo "2325"]
[BlackElo "1873"]
[PlyCount "119"]
[EventDate "2024.04.16"]
[EventType "swiss (blitz)"]
[EventRounds "11"]
[EventCountry "USA"]
[SourceTitle "CB17_2024"]
[SourceDate "2024.04.24"]
[SourceVersion "1"]
[SourceVersionDate "2024.04.24"]
[SourceQuality "1"]

1. d4 d5 2. c4 c6 3. Nc3 Nf6 4. e3 e6 5. Nf3 Nbd7 6. b3 b6 7. Bb2 Bb7 8. Bd3 Bd6 9. 0-0 0-0 10. Qe2 Rc8 11. Rac1 c5 12. cxd5 cxd4 13. Nxd4 exd5 14. Ba6 Nc5 15. Bxb7 Nxb7 16. Ncb5 a6 17. Rxc8 Qxc8 18. Nxd6 Nxd6 19. Rc1 Qb7 20. h3 Rc8 21. Rd1 Nfe4 22. Qd3 b5 23. Nf3 Rc5 24. Bd4 Rc7 25. Be5 Rc5 26. Qd4 Qc6 27. Qa1 f6 28. Nd4 Qc8 29. Bf4 Nc3 30. Re1 Nce4 31. Kh2 Nf5 32. f3 Nc3 33. Qb2 b4 34. Qd2 h6 35. g4 Ne7 36. Bg3 Kf8 37. Bf2 Kg8 38. Kg2 Nc6 39. Nf5 Ne5 40. e4 Qe6 41. Bxc5 dxe4 42. Qd8+ Kh7 43. f4 e3 44. Rxe3 Qc6+ 45. Kg3 Qh1 46. Rxc3 Qe1+ 47. Bf2 Qxc3+ 48. Kh2 Nf3+ 49. Kg2 Qc2 50. Qe7 Ne1+ 51. Kf1 Qd3+ 52. Kxe1 Qb1+ 53. Ke2 Qc2+ 54. Kf3 Qd3+ 55. Kg2 Qd5+ 56. Kg3 Qg8 57. Qd7 h5 58. Bd4 Qf8 59. Bc5 Kg6 60. Bxf8 1-0

[Event "Titled Tuesday intern op 02nd Apr Early"]
[Site "Chess.com INT"]
[Date "2024.04.02"]
[Round "1"]
[White "Devaev, Alexander"]
[Black "Cardoso Cardoso, Jose Gabriel"]
[Result "0-1"]
[WhiteElo "2325"]
[BlackElo "2488"]
[PlyCount "82"]
[EventDate "2024.04.02"]
[EventType "swiss (blitz)"]
[EventRounds "11"]
[EventCountry "USA"]
[SourceTitle "CB15_2024"]
[SourceDate "2024.04.10"]
[SourceVersion "1"]
[SourceVersionDate "2024.04.10"]
[SourceQuality "1"]

1. d4 Nf6 2. c4 d6 3. Nc3 Nbd7 4. e4 e5 5. d5 g6 6. Nf3 Nc5 7. Qc2 a5 8. h3 h5 9. Be3 Na6 10. Qd2 b6 11. Bd3 Nc5 12. Bc2 Ng8 13. a3 Bh6 14. Bxh6 Nxh6 15. b3 Ng8 16. Rb1 h4 17. b4 Nd7 18. Ba4 Ngf6 19. Bc6 Ra6 20. c5 axb4 21. axb4 Kf8 22. Bb5 Ra3 23. c6 Rxc3 24. Qxc3 Nxe4 25. Qb3 Ndf6 26. 0-0 Kg7 27. Ra1 Bf5 28. Bd3 Nh5 29. Bxe4 Bxe4 30. Nd2 Bf5 31. Ra7 Nf4 32. Qf3 Bd3 33. Rfa1 Be2 34. Qe3 Qg5 35. g4 hxg3 36. Qxg3 Nxh3+ 37. Kg2 Nf4+ 38. Kg1 Qh5 39. f3 Nd3 40. Qg2 Qh4 41. Rxc7 Nf4 0-1

[Event "Titled Tuesday intern op 02nd Apr Early"]
[Site "Chess.com INT"]
[Date "2024.04.02"]
[Round "8"]
[White "Devaev, Alexander"]
[Black "Osiecki, Stanislaw"]
[Result "1-0"]
[WhiteElo "2325"]
[BlackElo "1959"]
[PlyCount "69"]
[EventDate "2024.04.02"]
[EventType "swiss (blitz)"]
[EventRounds "11"]
[EventCountry "USA"]
[SourceTitle "CB15_2024"]
[SourceDate "2024.04.10"]
[SourceVersion "1"]
[SourceVersionDate "2024.04.10"]
[SourceQuality "1"]

1. d3 g6 2. d4 Bg7 3. c4 d6 4. Nc3 Nf6 5. Nf3 0-0 6. e4 Nbd7 7. h3 e5 8. d5 Nc5 9. Qc2 a5 10. Bg5 h6 11. Be3 Nh5 12. g3 b6 13. Be2 Bd7 14. Nd2 Nf6 15. g4 Nh7 16. 0-0-0 f5 17. gxf5 gxf5 18. Rdg1 f4 19. Bxc5 bxc5 20. Bg4 Kh8 21. Nf3 Bf6 22. Qe2 Rg8 23. Nd2 Bh4 24. Kc2 Rg7 25. Nf3 Bf6 26. Ne1 Qe7 27. Bxd7 Qxd7 28. Qh5 Rag8 29. Rxg7 Qxg7 30. Nf3 Ng5 31. Nh4 Qh7 32. Nf5 Nxe4 33. Nxe4 Rg2 34. Qxh6 Qxh6 35. Nxh6 1-0

[Event "Titled Tuesday intern op 02nd Apr Early"]
[Site "Chess.com INT"]
[Date "2024.04.02"]
[Round "3"]
[White "Domin, Yan"]
[Black "Devaev, Alexander"]
[Result "1-0"]
[WhiteElo "2131"]
[BlackElo "2325"]
[PlyCount "141"]
[EventDate "2024.04.02"]
[EventType "swiss (blitz)"]
[EventRounds "11"]
[EventCountry "USA"]
[SourceTitle "CB15_2024"]
[SourceDate "2024.04.10"]
[SourceVersion "1"]
[SourceVersionDate "2024.04.10"]
[SourceQuality "1"]

1. e4 c6 2. d4 d5 3. e5 Bf5 4. Nf3 e6 5. Be2 Nd7 6. 0-0 a6 7. Nbd2 h6 8. Re1 Ne7 9. Nf1 Bg6 10. Ng3 Nf5 11. Bd3 Ne7 12. Bxg6 Nxg6 13. c3 Nh4 14. Nxh4 Qxh4 15. f4 g6 16. Be3 c5 17. Rc1 Qd8 18. c4 dxc4 19. d5 exd5 20. Qxd5 Nb6 21. Qxb7 Rb8 22. Qxa6 Qd7 23. Ne4 Be7 24. Red1 Qc7 25. Qb5+ Kf8 26. Bxc5 Kg7 27. Bxe7 Qxe7 28. f5 gxf5 29. Nd6 Qe6 30. Rf1 Nd7 31. Nxf5+ Kh7 32. Qxc4 Nxe5 33. Qe4 Ng6 34. Qxe6 fxe6 35. Rc7+ Kg8 36. Rg7+ Kf8 37. Rxg6 exf5 38. Rxf5+ Ke7 39. Rf2 Rb5 40. h3 h5 41. b3 Rd8 42. h4 Rd4 43. g3 Ra5 44. Kg2 Re4 45. Rg5 Rxg5 46. hxg5 Rg4 47. Rf4 Rxg5 48. a4 Kd6 49. b4 Kd5 50. a5 Kc6 51. Rf6+ Kb7 52. Rb6+ Ka7 53. Kh3 Rd5 54. Kh4 Re5 55. Rf6 Re4+ 56. Rf4 Re5 57. Rf6 Re4+ 58. Kxh5 Rxb4 59. g4 Rb5+ 60. Rf5 Rb1 61. g5 Kb7 62. Kg6 Rh1 63. Kg7 Ka6 64. g6 Rc1 65. Kg8 Rc8+ 66. Rf8 Rc6 67. g7 Kxa5 68. Rf5+ Kb6 69. Kf7 Rc7+ 70. Kg6 Rc8 71. Rf8 1-0

[Event "Titled Tuesday intern op 13th Feb Early"]
[Site "Chess.com INT"]
[Date "2024.02.13"]
[Round "9"]
[White "Devaev, Alexander"]
[Black "Filippova, Margarita"]
[Result "1-0"]
[WhiteElo "2325"]
[BlackElo "2026"]
[PlyCount "79"]
[EventDate "2024.02.13"]
[EventType "swiss (blitz)"]
[EventRounds "11"]
[EventCountry "USA"]
[SourceTitle "CB08_2024"]
[SourceDate "2024.02.21"]
[SourceVersion "1"]
[SourceVersionDate "2024.02.21"]
[SourceQuality "1"]

1. d4 d5 2. Nf3 Nf6 3. c4 e6 4. Nc3 Be7 5. e3 0-0 6. b3 c5 7. cxd5 exd5 8. Bb2 Nc6 9. Bb5 a6 10. Bxc6 bxc6 11. 0-0 Bg4 12. dxc5 Bxc5 13. Ne2 Bxf3 14. gxf3 Rc8 15. Qd3 Re8 16. Rac1 Bd6 17. Qxa6 Qd7 18. Kg2 Be5 19. Bxe5 Rxe5 20. Ng3 h5 21. h4 Ree8 22. Qd3 g6 23. Rc2 Re6 24. Rfc1 Qe7 25. Qd4 Nd7 26. Qf4 Kg7 27. Qg5 f6 28. Nf5+ Kf7 29. Nxe7 fxg5 30. Nxc8 Ne5 31. hxg5 Nd3 32. Rxc6 Nxc1 33. Rxc1 Ra6 34. a4 Ke6 35. Rc7 Kf5 36. f4 Kg4 37. Ne7 Rb6 38. Nxd5 Rxb3 39. Nf6+ Kh4 40. f5 1-0

[Event "Titled Tuesday intern op 13th Feb Early"]
[Site "Chess.com INT"]
[Date "2024.02.13"]
[Round "2"]
[White "Devaev, Alexander"]
[Black "Gonzalez Zharikov, Andrey"]
[Result "1-0"]
[WhiteElo "2325"]
[BlackElo "1985"]
[PlyCount "57"]
[EventDate "2024.02.13"]
[EventType "swiss (blitz)"]
[EventRounds "11"]
[EventCountry "USA"]
[SourceTitle "CB08_2024"]
[SourceDate "2024.02.21"]
[SourceVersion "1"]
[SourceVersionDate "2024.02.21"]
[SourceQuality "1"]

1. d4 Nf6 2. c4 e6 3. Nc3 d5 4. Bg5 Be7 5. e3 0-0 6. Nf3 h6 7. Bh4 b6 8. Bxf6 Bxf6 9. cxd5 exd5 10. Qb3 Be6 11. Rd1 c6 12. Bd3 Nd7 13. 0-0 Re8 14. Bb1 Nf8 15. Rfe1 Bg4 16. Qc2 Rc8 17. a3 Qd7 18. b4 Bxf3 19. gxf3 Qh3 20. Qf5 Qxf5 21. Bxf5 Rcd8 22. Rc1 Ne6 23. Red1 g6 24. Bxe6 fxe6 25. Ne2 Rc8 26. Rc2 Rc7 27. Rdc1 Rec8 28. Nf4 Kf8 29. Nxe6+ 1-0

[Event "Titled Tuesday intern op 13th Feb Early"]
[Site "Chess.com INT"]
[Date "2024.02.13"]
[Round "4"]
[White "Devaev, Alexander"]
[Black "Truskavetsky, Alexandr"]
[Result "1-0"]
[WhiteElo "2325"]
[BlackElo "2348"]
[PlyCount "157"]
[EventDate "2024.02.13"]
[EventType "swiss (blitz)"]
[EventRounds "11"]
[EventCountry "USA"]
[SourceTitle "CB08_2024"]
[SourceDate "2024.02.21"]
[SourceVersion "1"]
[SourceVersionDate "2024.02.21"]
[SourceQuality "1"]

1. d4 Nf6 2. c4 e6 3. Nc3 d5 4. a3 c6 5. e3 Bd6 6. Nf3 0-0 7. Qc2 Nbd7 8. Bd3 Qe7 9. 0-0 e5 10. cxd5 cxd5 11. dxe5 Nxe5 12. Be2 Bg4 13. Nd4 Bxe2 14. Ncxe2 Rac8 15. Qd1 Qd7 16. Ng3 g6 17. Bd2 h5 18. Nf3 Nxf3+ 19. Qxf3 Be5 20. Rab1 h4 21. Ne2 Ng4 22. g3 hxg3 23. hxg3 Rc6 24. Bc3 Kg7 25. Rbd1 Rd8 26. Bxe5+ Nxe5 27. Qf4 Qe7 28. Qd4 Rf6 29. Kg2 Nf3 30. Qc3 Qe4 31. Qb4 Nd4+ 32. f3 Nc6 33. fxe4 Nxb4 34. Rxf6 Kxf6 35. axb4 Rc8 36. Nc3 dxe4 37. Nxe4+ Ke5 38. Nc3 Ke6 39. Rd4 Rh8 40. b5 Rc8 41. g4 Rc5 42. Re4+ Kf6 43. Rf4+ Ke6 44. Kf3 Rc8 45. Re4+ Kd6 46. g5 Rh8 47. Rf4 Ke6 48. Rf6+ Ke7 49. Ne4 Rh3+ 50. Kf4 Rh4+ 51. Ke5 Rg4 52. Rf4 Rg2 53. b3 b6 54. Nd6 Rxg5+ 55. Nf5+ gxf5 56. Rxf5 Rg2 57. Kd4 Rd2+ 58. Kc4 Rd6 59. Rd5 Ke6 60. Rh5 Rd1 61. Rh6+ f6 62. Rh7 Rd7 63. Rxd7 Kxd7 64. Kd5 a5 65. bxa6 Kc7 66. b4 b5 67. Kc5 f5 68. Kxb5 f4 69. exf4 Kb8 70. f5 Kc8 71. f6 Kb8 72. f7 Ka7 73. Kc5 Kxa6 74. f8Q Ka7 75. Qe7+ Ka6 76. Qe6+ Ka7 77. Kc6 Ka8 78. Qc8+ Ka7 79. Qb7# 1-0

[Event "Titled Tuesday intern op 06th Feb Early"]
[Site "Chess.com INT"]
[Date "2024.02.06"]
[Round "2"]
[White "Devaev, Alexander"]
[Black "Ballotti, Luca"]
[Result "1-0"]
[WhiteElo "2325"]
[BlackElo "2172"]
[PlyCount "93"]
[EventDate "2024.02.06"]
[EventType "swiss (blitz)"]
[EventRounds "11"]
[EventCountry "USA"]
[SourceTitle "CB07_2024"]
[SourceDate "2024.02.14"]
[SourceVersion "1"]
[SourceVersionDate "2024.02.14"]
[SourceQuality "1"]

1. d4 Nf6 2. Nf3 e6 3. c4 Bb4+ 4. Bd2 Qe7 5. Qc2 Bxd2+ 6. Nbxd2 d6 7. e4 e5 8. d5 0-0 9. Be2 a5 10. 0-0 Nbd7 11. b3 Nh5 12. Rfe1 Nc5 13. a3 Nf4 14. Bf1 Bg4 15. b4 Nd7 16. Qc3 Qf6 17. c5 Qg6 18. Kh1 f5 19. exf5 Rxf5 20. h3 Rh5 21. Nh2 Nf6 22. Qg3 Rg5 23. Nxg4 Nxg4 24. Nf3 Rh5 25. Kg1 Nf6 26. Qxg6 Nxg6 27. g4 Rh6 28. g5 Rh5 29. gxf6 gxf6 30. cxd6 cxd6 31. Rac1 Kg7 32. Rc7+ Kh6 33. Rxb7 axb4 34. axb4 Rg8 35. Kh2 Nf4 36. Rf7 Kg6 37. Rd7 Kf5 38. Rxd6 e4 39. Nd4+ Ke5 40. Nb5 Rb8 41. Rd7 Nxd5 42. Rxd5+ Kxd5 43. Nc7+ Kd6 44. Na6 Ra8 45. b5 Rg5 46. Rxe4 Rg7 47. Rg4 1-0

[Event "Titled Tuesday intern op 16th Jan Early"]
[Site "Chess.com INT"]
[Date "2024.01.16"]
[Round "5"]
[White "Devaev, Alexander"]
[Black "Caspi, Israel"]
[Result "0-1"]
[WhiteElo "2325"]
[BlackElo "2468"]
[PlyCount "68"]
[EventDate "2024.01.16"]
[EventType "swiss (blitz)"]
[EventRounds "11"]
[EventCountry "USA"]
[SourceTitle "CB04_2024"]
[SourceDate "2023.10.16"]
[SourceVersion "1"]
[SourceVersionDate "2023.10.16"]
[SourceQuality "1"]

1. d4 f5 2. Nf3 Nf6 3. Bg5 e6 4. Nbd2 h6 5. Bxf6 Qxf6 6. e4 d6 7. Bd3 g5 8. c3 g4 9. Ng1 Nc6 10. Qc2 Bd7 11. 0-0-0 0-0-0 12. g3 h5 13. f4 h4 14. Ne2 Kb8 15. e5 Qh6 16. Kb1 Ne7 17. Rhg1 Bc6 18. Qb3 dxe5 19. fxe5 Nd5 20. Nc4 Nb6 21. Na5 Bf3 22. c4 Qe3 23. Rge1 hxg3 24. hxg3 Rh2 25. Nf4 Qxd4 26. Nxe6 Bxd1 27. Rxd1 Qd7 28. c5 Re8 29. Bxf5 Rd2 30. Rxd2 Qxd2 31. cxb6 Qe1+ 32. Kc2 axb6 33. Nc4 Qf2+ 34. Nd2 Qxf5+ 0-1

[Event "Titled Tuesday intern op 16th Jan Early"]
[Site "Chess.com INT"]
[Date "2024.01.16"]
[Round "6"]
[White "Khegay, Yuliya"]
[Black "Devaev, Alexander"]
[Result "1-0"]
[WhiteElo "1798"]
[BlackElo "2325"]
[PlyCount "133"]
[EventDate "2024.01.16"]
[EventType "swiss (blitz)"]
[EventRounds "11"]
[EventCountry "USA"]
[SourceTitle "CB04_2024"]
[SourceDate "2023.10.16"]
[SourceVersion "1"]
[SourceVersionDate "2023.10.16"]
[SourceQuality "1"]

1. e4 c6 2. d4 d5 3. Nc3 dxe4 4. Nxe4 Nf6 5. Nxf6+ exf6 6. c3 Bd6 7. Bd3 Na6 8. Ne2 Bg4 9. Qc2 Nc7 10. h3 Bh5 11. c4 Bg6 12. 0-0 0-0 13. Be3 Re8 14. Rad1 Rc8 15. Nf4 Bxf4 16. Bxf4 Ne6 17. Be3 Bh5 18. Rde1 Bg6 19. Rd1 Qd6 20. Bxg6 hxg6 21. Qb3 b6 22. d5 Nc5 23. dxc6 Qxc6 24. Qa3 Qb7 25. b4 Ne4 26. c5 b5 27. Rfe1 f5 28. f3 Nf6 29. Bf2 a6 30. Qb2 Nd5 31. Qd4 Red8 32. Qh4 f6 33. a3 Qf7 34. Rd4 f4 35. Red1 g5 36. Qg4 g6 37. Rxd5 Rxd5 38. Qxc8+ Kg7 39. Rxd5 Qxd5 40. Qc7+ Kh6 41. Qd6 Qa2 42. Qxf6 Kh7 43. Qe7+ Kh6 44. Qf8+ Kh7 45. Bd4 Qg8 46. Qe7+ Kh6 47. Qg7+ Qxg7 48. Bxg7+ Kxg7 49. c6 Kf7 50. c7 a5 51. c8Q axb4 52. axb4 Kf6 53. Qc5 Ke6 54. Qxb5 g4 55. Qg5 gxf3 56. gxf3 Kf7 57. b5 Ke6 58. b6 Kd6 59. Qb5 Ke6 60. b7 g5 61. b8Q Kf6 62. Q8e5+ Kg6 63. Qxg5+ Kf7 64. Qgf5+ Kg7 65. Qbd7+ Kg8 66. Qfh7+ Kf8 67. Qdf7# 1-0

[Event "Titled Tuesday intern op 16th Jan Early"]
[Site "Chess.com INT"]
[Date "2024.01.16"]
[Round "1"]
[White "Kovalev, Vladislav"]
[Black "Devaev, Alexander"]
[Result "1-0"]
[WhiteElo "2579"]
[BlackElo "2325"]
[PlyCount "95"]
[EventDate "2024.01.16"]
[EventType "swiss (blitz)"]
[EventRounds "11"]
[EventCountry "USA"]
[SourceTitle "CB04_2024"]
[SourceDate "2023.10.16"]
[SourceVersion "1"]
[SourceVersionDate "2023.10.16"]
[SourceQuality "1"]

1. e4 c6 2. Nf3 d5 3. d3 d4 4. g3 c5 5. Bg2 Nc6 6. e5 Be6 7. 0-0 h6 8. Re1 g6 9. Nbd2 Bg7 10. h4 Rc8 11. Ne4 b6 12. c4 Qc7 13. Bf4 Qd7 14. a3 Bg4 15. b4 Nxe5 16. Bxe5 Bxf3 17. Qxf3 Bxe5 18. bxc5 bxc5 19. Rab1 Kf8 20. Rb5 Bd6 21. Kh2 Kg7 22. Bh3 f5 23. h5 e6 24. Nxd6 Qxd6 25. Rb7+ Ne7 26. hxg6 Kxg6 27. Rxe7 Qxe7 28. Bxf5+ Kg7 29. Rxe6 Qf7 30. Qg4+ Kf8 31. Qh4 Kg7 32. Re7 Rc7 33. Qg4+ Kf8 34. Rxf7+ Rxf7 35. Kg2 Rg8 36. Qxg8+ Kxg8 37. Be6 Kf8 38. Bxf7 Kxf7 39. f4 Kf6 40. Kf3 h5 41. g4 Kg6 42. Kg3 a5 43. a4 Kf6 44. gxh5 Kf5 45. Kf3 Kf6 46. Kg4 Kg7 47. f5 Kf6 48. Kf4 1-0

[Event "Titled Tuesday intern op 09th Jan Early"]
[Site "Chess.com INT"]
[Date "2024.01.09"]
[Round "1"]
[White "Paravyan, David"]
[Black "Devaev, Alexander"]
[Result "1-0"]
[WhiteElo "2612"]
[BlackElo "2325"]
[PlyCount "45"]
[EventDate "2024.01.09"]
[EventType "swiss (blitz)"]
[EventRounds "11"]
[EventCountry "USA"]
[SourceTitle "CB03_2024"]
[SourceDate "2024.01.17"]
[SourceVersion "1"]
[SourceVersionDate "2024.01.17"]
[SourceQuality "1"]

1. e4 c6 2. d4 d5 3. e5 Bf5 4. Nf3 e6 5. c3 Nd7 6. Be2 a6 7. 0-0 h6 8. a4 c5 9. c4 Bxb1 10. Rxb1 Ne7 11. b4 cxd4 12. Nxd4 dxc4 13. Bxc4 Nxe5 14. Bxe6 fxe6 15. Qh5+ N5g6 16. Nxe6 Qb6 17. Re1 Kf7 18. Rb3 Rc8 19. Bb2 Rc4 20. Rf3+ Kg8 21. Nxf8 Qxb4 22. Rfe3 Qxb2 23. Nxg6 1-0

[Event "Titled Tuesday intern op 19th Dec Early"]
[Site "Chess.com INT"]
[Date "2023.12.19"]
[Round "1"]
[White "Devaev, Alexander"]
[Black "Nihal, Sarin"]
[Result "0-1"]
[WhiteElo "2325"]
[BlackElo "2688"]
[PlyCount "76"]
[EventDate "2023.12.19"]
[EventType "swiss (blitz)"]
[EventRounds "11"]
[EventCountry "USA"]
[SourceTitle "CB52_2023"]
[SourceDate "2023.12.27"]
[SourceVersion "1"]
[SourceVersionDate "2023.12.27"]
[SourceQuality "1"]

1. d4 a6 2. Nf3 d5 3. Bf4 Nf6 4. e3 Bg4 5. c4 e6 6. Nc3 Nc6 7. cxd5 exd5 8. Be2 Bb4 9. Rc1 0-0 10. 0-0 Re8 11. h3 Bh5 12. Ne5 Ne7 13. Bxh5 Nxh5 14. Qxh5 g6 15. Qd1 c6 16. a3 Bd6 17. Nd3 Nf5 18. Bxd6 Qxd6 19. Nc5 Re7 20. b4 Rae8 21. Qd2 h5 22. Nd3 Qf6 23. Ne5 Nh4 24. f4 Nf5 25. Nd1 h4 26. Nf2 Ng3 27. a4 Qf5 28. Rfe1 f6 29. Neg4 Kg7 30. Qc2 Qxf4 31. Nh1 Qg5 32. Nxg3 hxg3 33. Qc3 Re4 34. Kf1 Qh5 35. Qd2 Rh8 36. b5 axb5 37. axb5 Rxg4 38. hxg4 Qxg4 0-1

[Event "Titled Tuesday intern op 12th Dec Early"]
[Site "Chess.com INT"]
[Date "2023.12.12"]
[Round "6"]
[White "Devaev, Alexander"]
[Black "Gutkin, Ilya"]
[Result "1-0"]
[WhiteElo "2325"]
[BlackElo "2289"]
[PlyCount "111"]
[EventDate "2023.12.12"]
[EventType "swiss (blitz)"]
[EventRounds "11"]
[EventCountry "USA"]
[SourceTitle "CB51_2023"]
[SourceDate "2023.12.20"]
[SourceVersion "1"]
[SourceVersionDate "2023.12.20"]
[SourceQuality "1"]

1. d4 d5 2. c4 e6 3. Nc3 Nf6 4. Nf3 c6 5. e3 Be7 6. Qc2 0-0 7. b3 b6 8. Bb2 Ba6 9. Bd3 h6 10. 0-0 Nbd7 11. Rac1 Rc8 12. Rfd1 c5 13. cxd5 Bxd3 14. Qxd3 exd5 15. Qe2 c4 16. bxc4 Rxc4 17. Nxd5 Rxc1 18. Nxe7+ Qxe7 19. Rxc1 Qb4 20. Qd2 Qa4 21. a3 Re8 22. Qb4 Qa6 23. Qc4 Qa5 24. h3 Ne4 25. Qc6 Ndf6 26. a4 Nd2 27. Qb5 Nxf3+ 28. gxf3 Qd2 29. Kf1 Rd8 30. Qe2 Qb4 31. Qc2 Rd5 32. Bc3 Qc4+ 33. Qe2 Qxa4 34. e4 Rh5 35. Kg2 Qd7 36. Kf1 Rxh3 37. Ke1 Qa4 38. Kd2 Nh5 39. Qe3 Rh2 40. d5 Qa3 41. Qd4 Nf6 42. d6 Rg2 43. Ke3 Nd7 44. Ra1 Qc5 45. Qxc5 Nxc5 46. Rxa7 Rg6 47. e5 Re6 48. f4 f6 49. Kd4 fxe5+ 50. fxe5 Re8 51. Kd5 Ne6 52. Re7 Nf4+ 53. Kc6 Rxe7 54. dxe7 Kf7 55. Kd7 Nd5 56. e8Q# 1-0

[Event "Titled Tuesday intern op 14th Nov Early"]
[Site "Chess.com INT"]
[Date "2023.11.14"]
[Round "1"]
[White "Devaev, Alexander"]
[Black "Dragun, Kamil"]
[Result "0-1"]
[WhiteElo "2325"]
[BlackElo "2553"]
[PlyCount "32"]
[EventDate "2023.11.14"]
[EventType "swiss (blitz)"]
[EventRounds "11"]
[EventCountry "USA"]
[SourceTitle "CB47_2023"]
[SourceDate "2023.11.22"]
[SourceVersion "1"]
[SourceVersionDate "2023.11.22"]
[SourceQuality "1"]

1. d4 Nf6 2. c4 e6 3. Nf3 d5 4. Nc3 c6 5. Bg5 h6 6. Bh4 dxc4 7. e4 g5 8. Bg3 b5 9. h4 g4 10. Nh2 b4 11. Nb1 Nxe4 12. Bxc4 Nxg3 13. fxg3 h5 14. 0-0 Bg7 15. Qe2 Qxd4+ 16. Kh1 Qxb2 0-1

[Event "Titled Tuesday intern op 14th Nov Early"]
[Site "Chess.com INT"]
[Date "2023.11.14"]
[Round "6"]
[White "Devaev, Alexander"]
[Black "Kuzhilniy, Oleksandr"]
[Result "1-0"]
[WhiteElo "2325"]
[BlackElo "2248"]
[PlyCount "135"]
[EventDate "2023.11.14"]
[EventType "swiss (blitz)"]
[EventRounds "11"]
[EventCountry "USA"]
[SourceTitle "CB47_2023"]
[SourceDate "2023.11.22"]
[SourceVersion "1"]
[SourceVersionDate "2023.11.22"]
[SourceQuality "1"]

1. Nf3 g6 2. d4 Bg7 3. c4 d6 4. Nc3 Nf6 5. e4 0-0 6. h3 Nbd7 7. Bg5 e5 8. d5 Qe7 9. g4 Kh8 10. Rg1 a5 11. Be2 Nc5 12. Nd2 c6 13. h4 a4 14. h5 h6 15. Be3 g5 16. f3 cxd5 17. cxd5 Bd7 18. Bxc5 dxc5 19. Bb5 a3 20. b3 Ne8 21. Nc4 Nd6 22. Bxd7 Qxd7 23. Qe2 Ra6 24. 0-0-0 Nc8 25. Nd2 Nd6 26. Nc4 Nc8 27. Ne3 Nd6 28. Nf5 Nxf5 29. gxf5 Bf6 30. Qb5 Qe7 31. d6 Rxd6 32. Rxd6 Qxd6 33. Rd1 Qc6 34. Qxc6 bxc6 35. Rd6 Kg7 36. Rxc6 g4 37. fxg4 Bg5+ 38. Kd1 Be3 39. Nd5 Bd4 40. Ke2 Rb8 41. f6+ Kf8 42. Kd3 Ke8 43. Kc4 Kd7 44. Ra6 Rg8 45. Ra7+ Ke6 46. Re7+ Kd6 47. Rxf7 Rxg4 48. Rg7 Rxe4 49. f7 Bb2+ 50. Kd3 Rd4+ 51. Ke2 Kxd5 52. f8Q Rf4 53. Qa8+ Ke6 54. Rg6+ Kf5 55. Qg2 Bd4 56. Qh3+ Ke4 57. Qh1+ Kf5 58. Qh3+ Ke4 59. Qd3+ Kd5 60. Rg2 e4 61. Qc4+ Ke5 62. Qg8 Rf5 63. Qe8+ Kf4 64. Qb8+ Be5 65. Qg8 Bd4 66. Qg4+ Ke5 67. Qg8 Kf4 68. Qg3# 1-0

[Event "Titled Tuesday intern op 14th Nov Early"]
[Site "Chess.com INT"]
[Date "2023.11.14"]
[Round "7"]
[White "Saydaliev, Saidakbar"]
[Black "Devaev, Alexander"]
[Result "1-0"]
[WhiteElo "2426"]
[BlackElo "2325"]
[PlyCount "61"]
[EventDate "2023.11.14"]
[EventType "swiss (blitz)"]
[EventRounds "11"]
[EventCountry "USA"]
[SourceTitle "CB47_2023"]
[SourceDate "2023.11.22"]
[SourceVersion "1"]
[SourceVersionDate "2023.11.22"]
[SourceQuality "1"]

1. Nf3 Nf6 2. c4 c5 3. Nc3 e6 4. e4 d6 5. d4 cxd4 6. Nxd4 Nc6 7. Be3 a6 8. Be2 Be7 9. 0-0 Ne5 10. f3 0-0 11. Rc1 Qc7 12. Kh1 b6 13. g4 Re8 14. g5 Nfd7 15. f4 Nxc4 16. Bxc4 Qxc4 17. b3 Qc7 18. Nd5 Qb7 19. Rc7 exd5 20. Rxb7 Bxb7 21. Qh5 Bf8 22. Rf3 h6 23. gxh6 g6 24. Qh3 Nf6 25. e5 Bc8 26. Qg2 Nh5 27. e6 Kh7 28. f5 Bxh6 29. exf7 Rxe3 30. Qxg6+ Kh8 31. Qxh6# 1-0